O mar na cultura popular portuguesa (Record no. 15869)

MARC details
000 -Etiqueta do registo
Valores 00441nam a2200145 4500
010 ## - Número ISBN
ISBN 972-710-201-8
100 ## - Dados gerais de processamento
Dados gerais 20240124 pory50
200 ## - Titulo e menção de responsabilidade
Título próprio O mar na cultura popular portuguesa
Primeira menção de responsabilidade Maria isabel de Mendonça Soares
Outras menções de responsabilidade il. Leitão Soares
215 ## - Descrição física 
Paginação / Volumes 88, [2] p.
Outras indicações físicas muito il.
Dimensões 22X30 cm
700 ## - Autor principal (pessoa individual)
Nome Maria isabel de Mendonça Soares
Datas 1922-
702 ## - Autor secundário (pessoa individual)
Nome Pedro Leitão
801 ## - Fonte de origem
País PT
Agência BMA
Regras de catalogação RPC
990 ## - Elementos KOHA
Tipo de documento Livro
Holdings
Situação do levantamento Estado Número Biblioteca de origem Código de barras Cota Permissão de empréstimo Tipo de documento Forma de aquisição
    BMA Biblioteca Municipal do Alandroal C8717/12 087.5 MAR   Livro Oferta

Powered by Koha